Effect of soil amender (biochar or charcoal) and biodigester effluent on growth and yield of water spinach, rice and on soil fertility : Master of science thesis in agricultural sciences animal husbandry
A series of experiments was carried out to determine the effect of 4 paper
Wedi'i Gadw mewn:
| Prif Awdur: | |
|---|---|
| Fformat: | Llyfr |
| Iaith: | Undetermined |
| Cyhoeddwyd: |
Can Tho
Can Tho university
2012
|
| Pynciau: | |
| Tagiau: |
Ychwanegu Tag
Dim Tagiau, Byddwch y cyntaf i dagio'r cofnod hwn!
|
| Thư viện lưu trữ: | Trung tâm Học liệu Trường Đại học Cần Thơ |
|---|
| LEADER | 00866nam a2200217Ia 4500 | ||
|---|---|---|---|
| 001 | CTU_175343 | ||
| 008 | 210402s9999 xx 000 0 und d | ||
| 082 | |a 631.4 | ||
| 082 | |b S726 | ||
| 088 | |a 60620105 | ||
| 100 | |a Southavong, Sisomphone | ||
| 245 | 0 | |a Effect of soil amender (biochar or charcoal) and biodigester effluent on growth and yield of water spinach, rice and on soil fertility : | |
| 245 | 0 | |b Master of science thesis in agricultural sciences animal husbandry | |
| 245 | 0 | |c Sisomphone Southavong ; Ngo Van Man, T. R. Preston (Scientific supervisors) | |
| 260 | |a Can Tho | ||
| 260 | |b Can Tho university | ||
| 260 | |c 2012 | ||
| 520 | |a A series of experiments was carried out to determine the effect of 4 paper | ||
| 650 | |a Soil science,Khoa học đất | ||
| 904 | |i mai,Hải | ||
| 980 | |a Trung tâm Học liệu Trường Đại học Cần Thơ | ||